000 00480nam a2200169Ia 4500
005 20250603145456.0
008 250603s9999 xx 000 0 und d
020 _a9789783108406
050 _aHC 1055.Z7 .O88/
245 0 _aOSUN Government unusual: a documentation of programmes, projects and impact under Ogbeni Rauf Aregbesola (2010 - 2018)
260 _aOsun
260 _bPolicy and Economic Team
260 _c2018
300 _a294 p
650 _aOsun
942 _cBK
999 _c41964
_d41964